[Event "Reggio Emilia 0001 43th"]
[Site "Reggio Emilia"]
[Date "2000.12.31"]
[Round "2"]
[White "Bellini, Fabio"]
[Black "Efimov, Igor"]
[Result "0-1"]
[WhiteElo "2484"]
[BlackElo "2520"]
[Annotator "Lukacs,P"]
[PlyCount "77"]
[EventDate "2000.12.30"]
[EventType "tourn"]
[EventRounds "9"]
[EventCountry "ITA"]
[EventCategory "8"]
[SourceTitle "CBM 081"]
[Source "ChessBase"]
[SourceDate "2001.03.20"]
[SourceVersion "1"]
[SourceVersionDate "2001.03.20"]
[SourceQuality "1"]

1. e4 e5 2. Bc4 Nc6 3. d3 Nf6 4. Nf3 Bc5 5. Nc3 {The Canal Variation is a rare
guest in modern tournament practice.} (5. c3 {is the main line since ages.})
5... O-O (5... d6 6. Bg5 Na5 {and} (6... h6 {are the main lines with good
chances for equalization.})) 6. a3 {keeping the B on the a2-g8 /^, and
threatening to exchange the black one.} (6. Bg5 {is usually the punishment in
the Italian Game, if Black castles too early.}) 6... h6 $6 (6... d6 7. Na4 {
exchanges the important B.}) (6... a6 $142 {securing his B as well.} 7. h3 (7.
Bg5 h6 8. Bh4 Be7 {Now the B is not very well placed on h7, it will be
exchanged, or forced to a passive square, g3.} 9. h3 d6 (9... Nxe4 $6 {is not
well-prepared:} 10. Bxe7 Nxc3 11. Bxd8 Nxd1 12. Bxc7 Nxb2 13. Bb3 $14 {
Kallio-C.Balogh, Budapest 2000}) 10. O-O b5 11. Bb3 Bb7 $13) 7... d6 (7... Re8
8. O-O h6 9. Be3 Bf8 (9... Bxe3 10. fxe3 d6 {/\ Be6 is also playable.}) 10. Nd2
d6 {Now Black's dark-squared B is doomed to passivity.} 11. f4 Be6 12. f5 {
This secures the space advantage on the >>.} Bxc4 13. dxc4 b5 14. Bf2 Nd4 15.
Nd5 $14 {Minasian-Galdunts, Kherson 1991}) (7... b5 $6 8. Ba2 Rb8 9. Bg5 Be7
10. O-O d6 11. Be3 {White doesn't want to exchange his dark-squared B.} Bb7 12.
Nd5 Qd7 13. Nxf6+ Bxf6 14. Nh2 Qe7 {/\ Bg5} 15. Qd2 Bc8 16. Ng4 Nd8 17. Nxf6+
Qxf6 18. Bg5 Qg6 19. Bxd8 Rxd8 20. f4 $14 {>< f7, <-> f, Ivanovic-Skembris,
Bar 1997.}) 8. O-O Be6 $11) 7. h3 $1 {White is waiting with castles, because
sometimes he can attack by g4.} (7. O-O d6 8. h3 Be6 $11) 7... Re8 $2 {This is
too sophysticated, Black wants to decide later, where to put the B, but he
also weakens >< f7.} (7... d6 {was good and simple.} 8. Na4 Bd4 9. c3 Bb6 10.
Nxb6 axb6 11. O-O (11. g4 Be6) 11... Be6 $11) (7... a6 {is also met by the
typical aggression} 8. g4 $1) 8. g4 $1 $16 {White wants to attack the weakened
>> opening up the g <->. Black cannot find a counterattack in the [+] on this
flank operation.} (8. Na4 Bf8 {was the main idea of 7...Re8}) (8. O-O a6 {
is rather symmetrical again.}) 8... Nh7 (8... d6 9. Na4 Nd4 10. Nxc5 dxc5 11.
g5 $16) {Anyway, there is no defence against} 9. g5 $1 hxg5 (9... Nxg5 {
is no escape from trouble either:} 10. Bxg5 (10. Nxg5 hxg5 11. Rg1 $1 (11. Nd5
Nd4 $1 12. Rg1 Ne6) (11. Qh5 Qf6 $1) 11... Qf6 $1 12. Rg2 Nd4 13. Nd5 Qf3 14.
Qxf3 Nxf3+ 15. Kd1 Bb6 16. Rg3 Nd4 17. Bxg5 $16) 10... hxg5 11. h4 $1 (11. Rg1
g4 $1 12. hxg4 d6 13. g5 Be6) 11... g4 $1 (11... gxh4 12. Nxh4 Qg5 (12... Qf6
13. Nf5 g6 14. Nd5 Qg5 15. Qg4 $1 $18) 13. Qf3 Rf8 14. Nf5 $18) 12. Ng5 Rf8 13.
Qxg4 Qf6 14. O-O-O $1 d5 15. Qh5 Qh6 16. Qxh6 gxh6 17. exd5 Nd4 18. Nge4 $16)
10. Rg1 g4 ({Black cannot defend his g5 P for long:} 10... Be7 11. Nd5 d6 12.
Nxe7+ Nxe7 13. Nxg5 Nxg5 14. Bxg5 $18) 11. hxg4 (11. Rxg4 $6 {is met by the
double-attack} d5) 11... d6 12. g5 Be6 (12... Nf8 13. g6 $16) 13. Nd5 (13. g6
$5 fxg6 14. Rxg6 Bxc4 15. dxc4 Nd4) 13... Ne7 $2 {overlooking (?)} 14. Nf6+ $1
Nxf6 (14... gxf6 15. Bxe6 Ng6 16. Bb3 $16) 15. Bxe6 $6 {This throws away the
advantage.} ({The simple} 15. gxf6 Ng6 16. Bxe6 Rxe6 17. fxg7 Kxg7 18. Rh1 c6
19. Bh6+ Kg8 20. Qd2 d5 21. O-O-O $16 {gave White good attacking chances.})
15... Nh7 $2 {This is too passive.} ({missing the counterattack by} 15... Nxe4
$1 16. Bxf7+ (16. dxe4 fxe6 17. g6 Rf8) 16... Kxf7 17. dxe4 Rh8 (17... Rf8 18.
g6+ Ke8 19. Bg5 Qd7) 18. g6+ $1 Ke8 19. Bg5 Qd7 $1 $13 (19... c6 20. b4 $1 (20.
Nh4 Qb6) 20... Bb6 21. Nh4 $1 $16)) 16. Bb3 $16 {Now White's light-squared B
is extremely strong.} g6 (16... Nf8 17. Rh1 (17. g6 $6 {is premature because of
} Nexg6 18. Ng5 Re7 19. Qh5 c6) 17... c6 18. Nh4 d5 19. Qh5 Neg6 (19... g6 20.
Qh6) 20. Bd2 Qd7 21. O-O-O $16 {with nasty threats on the h <->.}) 17. Rh1 d5
$6 {It is not easy to give a good advice here, but this would have lost by
force.} (17... c6 $2 18. Bxf7+ $18) (17... Rf8 {is ugly, but persistant.} 18.
Nh2 (18. Nh4 Kg7 19. Nf5+ Nxf5 (19... gxf5 $2 20. Qh5 $18) 20. exf5 Nxg5 21.
Qg4 $16) 18... Kg7 19. Qg4 Rh8 20. Qf3 $16) 18. Nxe5 Qd6 19. d4 (19. Nxf7 $1 {
was as good as winning!} Kxf7 (19... Qb6 20. Nh6+ Kg7 21. Qe2 dxe4 22. dxe4 Nc6
23. Nf5+ Kh8 (23... gxf5 $2 24. Rxh7+ $18) 24. Qf3 Bxf2+ 25. Kf1 $18) 20. Rxh7+
Kg8 21. Rh1 Nf5 (21... Rf8 22. d4) 22. Qg4 Kg7 23. Bf4 Qe6 24. O-O-O $18) 19...
Bxd4 $1 20. Nxf7 $2 ({Still White had excellent chances after} 20. Qxd4 {
for example:} Nc6 (20... c5 $2 21. Nxf7 cxd4 22. Nxd6 $18) 21. Qxd5 $1 (21.
Nxc6 Rxe4+ 22. Qxe4 dxe4 23. Nb4 c5 24. Nd5 Qe5 $16) 21... Qxd5 (21... Nxe5 22.
Qxd6 cxd6 23. f4 Nc6 24. Kf2 Rxe4 25. Bxf7+ Kxf7 26. Rxh7+ $18) 22. Bxd5 Nxe5
23. f4 $18) 20... Qc5 21. Nh6+ Kg7 22. f4 Ng8 $6 {Now it's Black's turn in the
comedy of errors.} (22... dxe4 23. Qe2 e3 $13) 23. Nxg8 $2 {After this
inferior move the position is already won by Black, and he will not let it to
slip again.} (23. e5 $1 {was the best answer with following lines:} Bxe5 $1 (
23... Nxg5 24. Qg4 $1 Nxh6 25. Qxg5 Ng8 26. Qh4 $18) 24. Kf1 $1 (24. fxe5 $2
Rxe5+ $19) 24... Rf8 $1 {The R has to follow the enemy K.} (24... Ne7 25. Qe2
Bd6 26. f5 $1 gxf5 (26... Nxf5 27. Nxf5+ gxf5 28. Qh5 Qb5+ 29. c4 $18) 27. Be3
d4 28. Qh5 dxe3 29. Qf7+ Kh8 30. Ng4 e2+ 31. Kxe2 Ng6+ (31... Nd5+ 32. Kf1) 32.
Kf1 $18) 25. Qxd5 $1 (25. Qg4 Rxf4+ $1 (25... Ne7 26. Kg2 Qd4) 26. Bxf4 Rf8 27.
Nf5+ Rxf5 28. Qxf5 gxf5 29. Bxe5+ Kg6 30. Rd1 Qe3 $11) (25. Nxg8 Bxf4 26. Rxh7+
Kxg8 $44) 25... Qxd5 26. Bxd5 Bxf4 27. Bxf4 Rxf4+ 28. Kg2 {and the _|_ is
still better for White:} Ne7 (28... Nxh6 29. gxh6+ Kf6 30. Raf1 $16) 29. Bxb7
Re8 30. Rae1 $16) 23... Rxe4+ $19 {Now suddenly White is terribly behind in
development.} 24. Kf1 Rxg8 {Black has a forceful centralization.} 25. c3 (25.
Kg2 Rge8 $17) 25... Qb5+ $1 (25... Be3 $2 26. Qxd5 Rxf4+ 27. Ke2 Qxd5 28. Bxd5
Bxc1 29. Bxg8 $16) 26. Kg2 Re2+ 27. Kf3 {[#]} (27. Kg3 Bf2+ 28. Kf3 Nxg5+ $1
29. fxg5 Rf8+ 30. Bf4 Re4 $19) 27... Nxg5+ $1 {opening the f <-> against the
white K.} 28. fxg5 Rf8+ 29. Bf4 Re3+ (29... Rf2+ {was also winning.} 30. Kg3
R8xf4 31. cxd4 R4f3+ 32. Qxf3 (32. Kh4 Re3 $19) 32... Rxf3+ 33. Kxf3 Qxb3+ $19)
30. Kg2 Rxf4 31. cxd4 Rxb3 32. Rc1 Rf7 33. Rc3 Rxb2+ 34. Kg3 Qd7 35. Rf3 Qd6+
36. Kh3 Qd7+ 37. Kg3 Qd6+ 38. Kh3 Rxf3+ 39. Qxf3 0-1

[Event "RUS-Cup03 Geller Memorial"]
[Site "Moscow"]
[Date "1999.02.09"]
[Round "8"]
[White "Odeev, Handszar"]
[Black "Vorotnikov, Vladislav V"]
[Result "1-0"]
[WhiteElo "2400"]
[BlackElo "2460"]
[Annotator "Lukacs,P"]
[PlyCount "105"]
[EventDate "1999.02.10"]
[EventType "swiss"]
[EventRounds "9"]
[EventCountry "RUS"]
[SourceTitle "CBM 070"]
[Source "ChessBase"]
[SourceDate "1999.06.08"]
[SourceVersion "1"]
[SourceVersionDate "1999.06.08"]
[SourceQuality "1"]

1. e4 e5 2. Nf3 Nc6 3. Bc4 d6 {This is a somewhat passive defence.} ({Both} 
3... Nf6) ({and} 3... Bc5 {have much higher reputation.}) 4. O-O (4. d4 $1 {
looks more energetic.}) 4... g6 {This fianchetto idea is Black's main plan
here.} 5. d4 exd4 6. Nxd4 Bg7 7. Nxc6 $142 (7. c3 $143 {is not a forceful
reply.} Nge7 8. Bg5 O-O 9. Na3 Nxd4 10. cxd4 h6 11. Bh4 Kh8 12. f4 f6 13. Bb3
d5 14. e5 fxe5 15. fxe5 Rxf1+ 16. Qxf1 g5 17. Bf2 Bf5 $11 {Sakharov-Lutikov,
SU-chT Moscow 1959}) (7. Be3 {allows again Black to finish development without
any problems.} Nf6 8. f3 (8. Nc3 Ng4 $5) 8... O-O (8... d5) 9. Nc3 Re8 $13)
7... bxc6 8. f4 (8. Nc3 Nf6 (8... Rb8 {It is advisable to finish the
development of the >> first.} 9. Bb3 Ne7 10. Be3 {provoking Black's reply.} c5
11. Bg5 h6 12. Bh4 O-O 13. f4 Qe8 14. f5 $1 {This is the signal of a real ->!}
gxf5 15. Qh5 Ng6 16. Qxg6 Rxb3 17. Qg3 {/\ Bf6} Rxc3 18. bxc3 Qxe4 19. Bf6 Qg4
20. Bxg7 Qxg3 21. hxg3 Kxg7 22. Rab1 $16 {Tischbierek-Ch.Gabriel, Baden Weiler
op 1990}) 9. Bg5 h6 $142 (9... O-O {gives White free hand on the /^ c1-h6.} 10.
Qd2 Be6 11. Bxe6 (11. Bb3 {is not so agressive:} Qb8 12. Bh6 Re8 13. Bxg7 Kxg7
14. Rae1 Qb4 15. f3 a5 16. Kh1 Bxb3 17. axb3 Re6 $11 {Tonchev-Jasnikowski,
Wroclaw 1980}) 11... fxe6 12. e5 dxe5 13. Qxd8 Raxd8 14. Rfe1 $14 {corrupting
Black's P structure completely.})) 8... Nf6 (8... Be6 {runs into the -> after}
9. Bxe6 fxe6 10. f5 $1 $16) (8... Nh6 $6 {is again met by the standard} 9. f5
$1 Qh4 10. g3 Qf6 11. e5 $1 {This is crushing!} Qxe5 12. Re1 Nxf5 13. Bf4 Qxe1+
14. Qxe1+ Kf8 15. c3 Rb8 16. Qf2 c5 17. g4 $18 {Mestel-Large, Lloyds Bank op
1982}) (8... Ne7 9. f5 $5 {comes into consideration.}) 9. e5 ({Here} 9. f5 $6 {
doesn't bring White any further.} O-O 10. fxg6 hxg6 11. Bg5 Qe7 12. Nc3 Qe5 $1
{escaping from the pin} 13. Bxf6 Bxf6 14. Qf3 Kg7 {Now Black has an excellent
dark-squared B.} 15. Kh1 Rb8 16. Nd1 Qg5 17. c3 Be5 18. Qf2 f6 $1 19. Kg1 Rh8
$17 {Darnstaedt-Dreev, Berliner Sommer 1991}) 9... Ne4 (9... dxe5 $2 10. Qxd8+
Kxd8 11. fxe5 $18) 10. Qf3 d5 11. Bd3 Nc5 $6 (11... f5 {Black had to fight for
the [+] by all means.} 12. exf6 {At least White had to give up his e5 P.} Qxf6
(12... Nxf6 13. Re1+ Kf7 14. Nc3 $14) 13. Bxe4 Qd4+ 14. Be3 Qxe4 15. Qxe4+ dxe4
16. Nd2 Bf5 (16... Bxb2 17. Rab1 $16) 17. Nc4 $14 {keeping White's edge
limited.}) 12. Be3 Nxd3 (12... Qe7 13. Nc3 $16) (12... Ne6 13. f5 gxf5 14. Qxf5
$16) 13. cxd3 {Now the weakness on the <-> c is more vulnerable.} O-O (13...
Qe7 $6 14. Rc1 $16) 14. Bc5 Re8 15. d4 $6 {This was a place for another piece!}
(15. Nd2 $142 {/\ Nb3}) 15... h5 {blockading the important squares on the /^
h3-c8.} 16. Nd2 Bf5 17. Rac1 Rb8 $6 {Now Black has to worry because of his
weak a7 P.} (17... a5 $14) 18. b3 {Black has serious problems because of his
bad P structure. The ^^ has no future here.} Re6 19. h3 (19. Bxa7 $2 Ra8 20.
Bc5 Rxa2 $11) 19... Qh4 20. Rc3 Bh6 21. Rf2 $1 {/\ Nf1} Kh7 22. Nf1 $1 Be4 (
22... a6 23. Ng3) 23. Qg3 {White is happy to play the _|_.} Qd8 {Hobson's
choice.} ({If} 23... Qxg3 $6 24. Nxg3 a6 25. Nxe4 (25. f5) 25... dxe4 26. Re3
f5 {then} 27. exf6 $18) 24. Bxa7 $16 {Soon or later the weakness of the a7 P
will be decisive, as it was mentioned before.} Ra8 25. Bc5 h4 26. Qe3 f5 27. a4
(27. exf6 Qxf6) 27... g5 {Black has to create some counterplay on the >>.} 28.
fxg5 Bxg5 29. Qe2 Qg8 30. Ba3 Qg6 $2 (30... Rg6 {/\ Qg7,Rg8 /\ Qg7 Rg8} 31. Bc1
Bxc1 (31... Be7 32. Nd2) 32. Rxc1 Qg7 {was the last practical chance.}) 31. Bc1
$1 Be7 32. Nd2 c5 $2 (32... Bb4 {was the persistant defence, although after}
33. Nxe4 $1 (33. Re3 Bxd2 $14) 33... dxe4 (33... fxe4 34. Rc2 $16) 34. Rc4 {
White has the upper hand.}) 33. Nf3 $1 Rc6 (33... cxd4 34. Nxd4 Rxe5 35. Rxc7
$18) (33... Bxf3 34. Qxf3 cxd4 35. Rxc7 $18) 34. Ba3 $18 Rd8 35. Qd2 $1 {
avoiding} (35. Bxc5 Bxc5 36. Rxc5 Rxc5 37. dxc5 d4) 35... Qg7 36. Bxc5 Bxc5 37.
Rxc5 Rg6 (37... Rxc5 38. dxc5 d4 39. Nxh4 Qxe5 40. Qg5) 38. Qf4 Rg8 39. Nxh4 {
This means, that Black's dreams of the <-> g cannot be realized.} Rg5 40. e6 $1
Qxd4 41. Rxc7+ R8g7 42. Rxg7+ Qxg7 43. Nf3 Rg6 44. Qh4+ Kg8 45. Qd8+ Kh7 46.
Qd7 Qxd7 47. exd7 Rd6 48. Nd4 Rxd7 49. Nxf5 Kg6 50. Nd4 Rb7 51. Kf1 Bd3+ 52.
Ke1 Rb4 53. Kd2 (53. Kd2 Rxd4 54. Kc3) 1-0

[Event "DEN-ch"]
[Site "Aarhus"]
[Date "1999.04.01"]
[Round "6"]
[White "Larsen, Bent"]
[Black "Hansen, Lars Bo"]
[Result "1/2-1/2"]
[WhiteElo "2530"]
[BlackElo "2565"]
[Annotator "Lukacs,P"]
[PlyCount "70"]
[EventDate "1999.03.??"]
[EventType "tourn"]
[EventRounds "9"]
[EventCountry "DEN"]
[EventCategory "10"]
[SourceTitle "CBM 071"]
[Source "ChessBase"]
[SourceDate "1999.08.01"]
[SourceVersion "1"]
[SourceVersionDate "1999.08.01"]
[SourceQuality "1"]

1. e4 e5 2. Nc3 Nf6 3. Nf3 Nc6 4. Bc4 Bc5 (4... Nxe4 $1 {is supposed to be the
best reaction here.}) 5. d3 {Transposing to the Canal Variation of the Italian
Game.} O-O (5... d6 {is more flexible.} 6. Bg5 {can be met by either} Na5 ({or
} 6... h6)) 6. O-O (6. Bg5 {is more dangerous, when the black K has already
castled kingside.}) 6... h6 {defending against the pin after Bg5.} (6... d6 7.
Bg5) 7. Be3 (7. h3 d6 (7... a6 {is against Na4 exchanging the B, but it
doesn't help for development.} 8. Be3 d6 9. d4 $14 {and White grabs the |^ in
the [+].}) 8. Na4 Bb6 9. c3 Re8 (9... Be6 $5) 10. Bb3 {White wants to keep
this B.} Be6 11. Bc2 d5 {At first sight it looks like Black has come first in
the [+], but after} 12. d4 $1 {it becomes clear, that White has fought back
hard.} (12. Qe2 d4 $13) (12. exd5 Qxd5 $11) 12... Nxe4 (12... exd4 13. e5 Ne4
14. cxd4 $14) 13. Nxb6 axb6 14. dxe5 {The position resembles to a Ruy Lopez
Open variation.} f6 $1 15. exf6 Qxf6 16. Be3 Bf7 17. Nd2 Nxd2 (17... Rad8 $6
18. Nxe4 dxe4 19. Qg4 $16 {Malaniuk-Short, Yerevan 1984}) 18. Qxd2 Ne5 $14 {
Malaniuk,Legki}) 7... d6 8. Bxc5 ({Now} 8. d4 $2 {is less effective:} exd4 9.
Nxd4 Ng4 $1 10. Nxc6 Qh4 $1 {This is the real surprise!} (10... Nxe3 {leads
only to equality.} 11. Nxd8 Nxd1 12. Raxd1 $11 (12. Nxf7 $2 Nxc3 $1 13. Nxd6+ (
13. bxc3 Rxf7) 13... Kh8 14. Nf7+ (14. Nxc8 $2 Nxe4) 14... Rxf7 15. Bxf7 Nxe4
16. Bd5 Nf6 $15)) 11. Ne7+ Kh8 $1 $17 (11... Qxe7 $2 12. Bxc5 $16)) (8. h3 Bxe3
9. fxe3 Be6 $11) 8... dxc5 {In this structure the pressure on the d <->
usually compensates the double P.} 9. h3 {defending against Bg4 with a strong
pressure on >< d4.} (9. Nd5 Bg4) 9... a6 $1 {/\ Qd6} 10. a3 Qd6 11. Nh4 $5 (11.
Nd5 Nxd5 12. Bxd5 Ne7 13. Bb3 Ng6) 11... Be6 (11... Nd4 12. Ng6 $1 (12. Nd5 $2
Nxd5 13. Bxd5 Qf6 $17) 12... Re8 13. f4 exf4 14. Nxf4 $14 (14. e5 $6 Rxe5 $1
15. Nxe5 Qxe5 16. Re1 Qg5 $44)) 12. Nf5 $6 {White clearly overestimates his
chances.} (12. Bxe6 Qxe6 13. Nf5 Nd4 $11 {was on the other hand only equal.})
12... Bxf5 13. exf5 Nd4 14. Ne4 (14. g4 b5 15. Ba2 e4 $1 {The is an important
motif here exploiting the weaknesses on the >> caused by g4.} 16. Nxe4 (16.
dxe4 Qf4 $1 {and the Q is excellent on f4.}) 16... Nxe4 17. dxe4 Qf4 $44) 14...
Qc6 15. Nxf6+ Qxf6 16. g4 b5 (16... Qc6 17. f3 b5 18. Ba2 Qd6 19. c3 (19. Kg2
Rad8) 19... Nc6) 17. Bd5 Rad8 18. Be4 {[#]} c4 $1 19. a4 (19. dxc4 $6 {opening
up the d <-> is a suicide attempt:} Qh4 $1 $44 (19... Nxf5 20. Qf3 Nd6 21. cxb5
$11) (19... Nb3 20. cxb3 $1 Rxd1 21. Raxd1 $11)) 19... b4 {[#]} (19... cxd3 $1
{looked much better.} 20. cxd3 (20. Bxd3 $2 Nb3 21. cxb3 e4 $17) (20. Qxd3 $6
Nxf5 (20... Ne6 $5 {/\ Nf4}) 21. Qf3 Nd6 22. Qxf6 gxf6 23. Bc6 $15) 20... c5
$15 {keeping the |^.}) 20. dxc4 $1 {[%mdl 256] Suddenly White sacrifices his Q
in order to reach a fortress.} Nb3 {After losing the the Q White has nothing
to fear!} (20... Nxf5 21. Qf3) (20... Qh4 $5 21. Bg2 (21. Kg2 Nxf5 (21... Ne6
$5 22. Qf3 Nf4+ 23. Kh2 Rd2)) (21. Qd3 Nxf5 (21... Ne6 $2 22. Qg3)) 21... e4 $1
$44) 21. cxb3 Rxd1 22. Raxd1 Rd8 23. Rxd8+ Qxd8 24. Re1 $1 $11 Qd2 25. Re3 a5
26. Kg2 Qd4 27. h4 Kf8 28. g5 hxg5 29. hxg5 Ke7 30. g6 f6 31. Bf3 Qf4 32. Be4
Qg4+ 33. Kf1 Qd1+ 34. Kg2 Qg4+ 35. Kf1 Qd1+ 1/2-1/2